Modern Nordic plays: Iceland. (Record no. 579)
[ view plain ]
| 000 -LEADER | |
|---|---|
| fixed length control field | 00785cam a2200217 4500 |
| 001 - CONTROL NUMBER | |
| control field | 321091 |
| 005 - DATE AND TIME OF LATEST TRANSACTION | |
| control field | 20241104124223.0 |
| 008 - FIXED-LENGTH DATA ELEMENTS--GENERAL INFORMATION | |
| fixed length control field | 740628s1973 no 000 0 eng |
| 020 ## - INTERNATIONAL STANDARD BOOK NUMBER | |
| International Standard Book Number | 8200047210 |
| 041 1# - LANGUAGE CODE | |
| Language code of text/sound track or separate title | engice |
| 050 00 - LIBRARY OF CONGRESS CALL NUMBER | |
| Classification number | PT7472.E5 |
| Item number | M6 |
| 082 00 - DEWEY DECIMAL CLASSIFICATION NUMBER | |
| Classification number | 839/.69/24 |
| 245 00 - TITLE STATEMENT | |
| Title | Modern Nordic plays: Iceland. |
| Remainder of title | The pigeon banquet |
| Statement of responsibility, etc. | [by] Halldór Laxness. The seaway to Baghdad [by] Jökull Jakobsson. Mink [by] Erlingur E. Halldórsson. Ten variations [by] Oddur Björnsson. Yolk-life [by] Oddur Björnsson. |
| 260 ## - PUBLICATION, DISTRIBUTION, ETC. | |
| Place of publication, distribution, etc. | Oslo, |
| Name of publisher, distributor, etc. | Universitetsforlaget, |
| Date of publication, distribution, etc. | [1973]. |
| 300 ## - PHYSICAL DESCRIPTION | |
| Extent | x,427 p. |
| Dimensions | 21 cm. |
| 650 #0 - SUBJECT ADDED ENTRY--TOPICAL TERM | |
| Topical term or geographic name entry element | Icelandic drama |
| General subdivision | Translations into English. |
| 700 ## - ADDED ENTRY--PERSONAL NAME | |
| Personal name | Clement,-Stone Susan |
| 700 ## - ADDED ENTRY--PERSONAL NAME | |
| Personal name | McGuire, L. Sandra |
| 700 ## - ADDED ENTRY--PERSONAL NAME | |
| Personal name | Eigsti, Diane Gerber |
| 942 ## - ADDED ENTRY ELEMENTS (KOHA) | |
| Source of classification or shelving scheme | Library of Congress Classification |
| Koha item type | Books |
| Suppress in OPAC | No |
| 999 ## - | |
| -- | 579 |
| -- | 579 |
| Withdrawn status | Lost status | Source of classification or shelving scheme | Damaged status | Not for loan | Collection | Home library | Current library | Shelving location | Date acquired | Total checkouts | Full call number | Barcode | Date last seen | Copy number | Price effective from | Koha item type |
|---|---|---|---|---|---|---|---|---|---|---|---|---|---|---|---|---|
| Library of Congress Classification | Non-fiction | Undergraduate Library (Christ Temple) | Undergraduate Library (Christ Temple) | General stacks | 11/04/2024 | RT98.C56 CLE | ulct00000136 | 11/04/2024 | 1 | 11/04/2024 | Books |